000 00779nam a2200241Ia 4500
003 OSt
005 20220925215300.0
006 a|||||r|||| 00| 0
007 ta
008 220923b |||||||| |||| 00| 0 eng d
037 _cGeneral Book
040 _aRTL
_cRTL
_beng
041 _2eng
_aeng
082 _aX:99T.3.N7, L2
100 _aRoberts B. C. et al
_9282473
245 0 _aReluctant militants
_b A study of industrial techni
260 _aLondon
_bHeinemann Educational U. K.
_c1972
300 _a342p. Bibliography p.329-37
_ccm.
490 _aLondon School of Economics, Industrial Relations series
650 _aTechnical Labour Economics
_9230410
942 _hX:99T.3.N7, L2
_cGB
_2CC
999 _c568351
_d568351